000 00733nam a2200229Ia 4500
001 10270
003 GE_BSU
008 181216s||||||||xx |||||||||||||| ||und||
040 _cGE_BSU
080 _a821.353.1-32
100 _aტაბატაძე, კარლო
245 _aპირველი მივლინება
245 _bმოთხრობები
245 _cრედ:დ.შენგელია;მხატვ:.კ.ტაბატაძე
260 _aთბილისი.
260 _bმერანი.
260 _c1968
300 _a121გვ;17სმ.
653 _aმოთხრობები
653 _aპირველი მივლინება
942 _cBK
999 _c43539
_d43539